Statistics for Winning Countries of the World Programming Championship

Click here to take the quiz!

General Stats

  • This quiz has been taken 118 times
    (77 since last reset)
  • The average score is 6 of 9

Answer Stats

# of WinsCountry% Correct
17United States
100%
4China
93%
1Germany
86%
15Russia
84%
2Canada
82%
1Australia
49%
2Poland
45%
1New Zealand
27%
1Czech Republic
8%

Score Distribution

Percentile by Number Answered

Percent of People with Each Score

Your Score History

You have not taken this quiz since the last reset